=LDR 00000nam 2200000 4500 =001 INLIS000000000015824 =005 20201221093839 =035 ##$$a 0010-061300000015824 =008 201221################g##########0#ind## =041 ##$$a ind =082 ##$$a 331.252 =090 ##$$a 331.252, Soe p =100 1#$$a Soepomo, H.A =245 1#$$a Pensiun tanpa kegelisahan, Apa kegiatan anda setelah pensiun? /$c Drs.H.A. Soepomo, SH =260 ##$$a Medan :$b Rainbow =300 ##$$a viii,103 hlm ; $c 21x14 cm =650 #4$$a Pensiun - Usia Lanjut =850 ##$$a NBPNMAT =084 ##$$a 331.252 SOE p =250 ##$$a cet.1 =990 ##$$a 101.792/pro.96 =990 ##$$a 101.793/pro.96